Xác suất và thống kê : Dùng cho sinh viên ngành xây dựng và kỹ thuật hạ tầng

Tallennettuna:
Bibliografiset tiedot
Päätekijä: Ninh, Quang Hải
Aineistotyyppi: Kirja
Kieli:Undetermined
Julkaistu: Hà Nội Xây dựng 2005
Aiheet:
Tagit: Lisää tagi
Ei tageja, Lisää ensimmäinen tagi!
Thư viện lưu trữ: Trung tâm Học liệu Trường Đại học Cần Thơ
LEADER 00636nam a2200205Ia 4500
001 CTU_101389
008 210402s9999 xx 000 0 und d
020 |c 34000 
082 |a 519.2 
082 |b H103 
100 |a Ninh, Quang Hải 
245 0 |a Xác suất và thống kê : 
245 0 |b Dùng cho sinh viên ngành xây dựng và kỹ thuật hạ tầng 
245 0 |c Ninh Quang Hải ...[et al.] 
260 |a Hà Nội 
260 |b Xây dựng 
260 |c 2005 
650 |a Mathematical statistics,Probabilities 
904 |i M.Loan 
980 |a Trung tâm Học liệu Trường Đại học Cần Thơ